000 00326nam a22001457a 4500
003 SGT
020 _a9780140169010
082 _a629.13092,LAL
100 _aLALA,R.M
245 _aBEYOND THE LAST BLUE MOUNTAIN: A LIFE OF JRD TATA
250 _a1ST
260 _aNEW DELHI
_bPENGUIN
_c1993
300 _a401
942 _2ddc
_cFCM
999 _c9516
_d9516